[El papá de Simón / (Record no. 186854)

MARC details
000 -LEADER
campo de control de longitud fija 00695nam a2200193 i 4500
001 - NÚMERO DE CONTROL
campo de control 186854
003 - IDENTIFICADOR DE NÚMERO DE CONTROL
campo de control ES-MaACL
005 - FECHA Y HORA DE LA ÚLTIMA TRANSACCIÓN
campo de control 20240516063109.0
008 - DATOS DE LONGITUD FIJA--INFORMACIÓN GENERAL
campo de control de longitud fija 170223q19101920sp |||| | spa d
100 1# - ENTRADA PRINCIPAL--NOMBRE DE PERSONA
Nombre de persona Maupassant, Guy de,
Fechas asociadas al nombre 1850-1893
9 (RLIN) 79214
245 14 - MENCIÓN DEL TÍTULO
Título [El papá de Simón /
Mención de responsabilidad, etc. por Guy de Maupassant ; traducción de Silvio Lago].
260 ## - PUBLICACIÓN, DISTRIBUCIÓN, ETC.
Lugar de publicación, distribución, etc. [S.l. :
Nombre del editor, distribuidor, etc. s.n.,
Fecha de publicación, distribución, etc. 191?]
300 ## - DESCRIPCIÓN FÍSICA
Extensión [4] p. ;
Dimensiones 27 cm.
594 ## - Nota al título y mención de responsabilidad
Nota al título y mención de responsabilidad Datos tomados de principio del texto y final; ejemp. sin portada.
594 ## - Nota al título y mención de responsabilidad
Nota al título y mención de responsabilidad Silvio Lago es seud. de José Francés.
700 1# - ENTRADA AGREGADA--NOMBRE PERSONAL
Nombre de persona Francés, José,
Fechas asociadas al nombre 1883-1964
9 (RLIN) 52141
852 ## - LOCALIZACIÓN
Ubicación ES-MaACL
Número de control de estantería R-2599(21)
condición física - Ejemp. sin portada
Holdings
Estatus retirado Estado de pérdida Estado de daño No para préstamo Biblioteca de origen Biblioteca actual Ubicación en estantería Fecha de adquisición Fuente de adquisición Total de préstamos Signatura topográfica completa Código de barras Visto por última vez Precio de reemplazo Tipo de ítem Koha
        Biblioteca del Ateneo de Madrid Biblioteca del Ateneo de Madrid Depósito 23/02/2017     R-2599(21) 1197094 23/02/2023 23/02/2023 Libro impreso